al-Dīmuqrq̄aṭīyah ʻinda al-ʻArab, (Record no. 45347)

MARC details
000 -LEADER
fixed length control field 00645cam a22002171 4500
001 - CONTROL NUMBER
control field ne 62001705
003 - CONTROL NUMBER IDENTIFIER
control field DLC
005 - DATE AND TIME OF LATEST TRANSACTION
control field 20260227111738.0
008 - FIXED-LENGTH DATA ELEMENTS--GENERAL INFORMATION
fixed length control field 900425s1961 ua 000 0 ararc
010 ## - LIBRARY OF CONGRESS CONTROL NUMBER
LC control number ne 62001705
025 ## - OVERSEAS ACQUISITION NUMBER
Overseas acquisition number PL480:UAR-498
035 ## - SYSTEM CONTROL NUMBER
System control number (OCoLC)21428581
040 ## - CATALOGING SOURCE
Original cataloging agency Princeton Univ. Lib.
Transcribing agency WaU
Modifying agency DLC
042 ## - AUTHENTICATION CODE
Authentication code premarc
050 00 - LIBRARY OF CONGRESS CALL NUMBER
Classification number JC423
Item number .S48
100 1# - MAIN ENTRY--PERSONAL NAME
Personal name Sharqāwī, Maḥmūd.
245 13 - TITLE STATEMENT
Title al-Dīmuqrq̄aṭīyah ʻinda al-ʻArab,
Statement of responsibility, etc. taʼlīf Maḥmūd al-Sharqāwī.
260 ## - PUBLICATION, DISTRIBUTION, ETC.
Place of publication, distribution, etc. [al-Qāhirah]
Name of publisher, distributor, etc. al-Dār al-Qawmīyah lil-Ṭibāʻah wa-al-Nashr
Date of publication, distribution, etc. [1961]
300 ## - PHYSICAL DESCRIPTION
Extent 143 p.
Dimensions 24 cm.
650 #0 - SUBJECT ADDED ENTRY--TOPICAL TERM
Topical term or geographic name entry element Democracy.

No items available.

Powered by Koha